Score 0/24 Timer 04:00
0 Plays Today
% Correct
oueai
75.8%
aioue
74.3%
aieou
74.2%
eauio
67.5%
auioe
65.6%
oueai
65.1%
eaoiu
60.4%
ouiae
59%
oauie
54.9%
eaiou
53.5%
euaoi
53%
auioe
52.6%
% Correct
euaio
50.1%
eaiou
48.5%
eaiou
45.2%
eauio
44.5%
ouaie
44.2%
euioa
44.1%
uoeia
42.9%
ouaie
41.6%
ouaie
41.1%
euaio
35.1%
oieau
32.5%
uoiae
30.1%
Remove Ads.
Support Sporcle.
Get the best of Sporcle when you Go Orange. This ad-free experience offers more features, more stats, and more fun while also helping to support Sporcle. Thank you for becoming a member.

You're not logged in!

Compare scores with friends on all Sporcle quizzes.
OR
Log In

Sporcle TV

Today on Sporcle TV


Watch our educational content, quiz creation guides, and fun videos on Sporcle TV.

Show Comments

Extras

Top Quizzes Today


Score Distribution

Paid Content

Your Account Isn't Verified!

In order to create a playlist on Sporcle, you need to verify the email address you used during registration. Go to your Sporcle Settings to finish the process.

Report this User

Report this user for behavior that violates our Community Guidelines.

Details: